000 00663cam a2200181 i 4500
005 20251204120634.0
008 250721s2002 jo gr 000 0 ara d
082 1 4 _a214.5
_bع ب د
100 1 _aعبد المنان، عكاشة
_eمؤلف.
245 1 2 _aالمهدي و الآيات التي تظهر في زمانه /
_cعكاشه عبد المنان.
250 _aالطبعة الاولى.
264 3 1 _aالزرقاء :
_bمكتبة الأمام علي للنشر و التوزيع،
_c2002.
300 _a98 صفحة.
650 1 7 _aالحياة الآخرة.
650 1 7 _aعلامات الساعة.
942 _2ddc
_cBK
999 _c18157
_d18157